[Event "WYCC Open 10"]
[Site "Porto Carras"]
[Date "2015.10.26"]
[Round "2.5"]
[White "Grzesik, Gracjan"]
[Black "Praggnanandhaa, R"]
[Result "0-1"]
[BlackElo "2077"]
[WhiteElo "1744"]
[LiveChessVersion "1.4.6"]

1. e4 {[%clk 1:30:58]} e5 {[%clk 1:30:41]} 2. Nf3 {[%clk 1:31:16]} Nc6
{[%clk 1:31:00]} 3. d4 {[%clk 1:31:34]} exd4 {[%clk 1:31:24]} 4. Nxd4
{[%clk 1:31:58]} Bc5 {[%clk 1:31:44]} 5. Nb3 {[%clk 1:32:21]} Bb4+
{[%clk 1:31:58]} 6. Bd2 {[%clk 1:28:10]} Qe7 {[%clk 1:27:04]} 7. Bd3
{[%clk 1:26:27]} Nf6 {[%clk 1:18:12]} 8. Qe2 {[%clk 1:26:36]} d5 {[%clk 1:10:44]}
9. exd5 {[%clk 1:23:58]} Qxe2+ {[%clk 1:10:00]} 10. Kxe2 {[%clk 1:22:45]} Nxd5
{[%clk 1:09:07]} 11. g3 {[%clk 1:17:24]} Bh3 {[%clk 1:01:14]} 12. a3
{[%clk 1:15:28]} Bxd2 {[%clk 1:00:02]} 13. N1xd2 {[%clk 1:15:22]} O-O-O
{[%clk 0:59:58]} 14. f3 {[%clk 1:11:52]} Rhe8+ {[%clk 0:53:32]} 15. Kf2
{[%clk 1:11:48]} Ne5 {[%clk 0:49:04]} 16. Be2 {[%clk 1:06:51]} Bf5
{[%clk 0:44:35]} 17. Rac1 {[%clk 1:06:09]} g5 {[%clk 0:35:52]} 18. Rhe1
{[%clk 1:05:31]} Ne3 {[%clk 0:30:17]} 19. c4 {[%clk 0:44:24]} Nc2
{[%clk 0:21:05]} 20. Red1 {[%clk 0:40:01]} c5 {[%clk 0:15:43]} 21. Ne4
{[%clk 0:30:06]} Bxe4 {[%clk 0:14:18]} 22. fxe4 {[%clk 0:30:17]} Nd4
{[%clk 0:14:27]} 23. Nxc5 {[%clk 0:28:35]} Kb8 {[%clk 0:13:12]} 24. h3
{[%clk 0:26:19]} Rd6 {[%clk 0:08:14]} 25. Nd3 {[%clk 0:16:41]} Nec6
{[%clk 0:07:38]} 26. Bf1 {[%clk 0:09:38]} Rxe4 {[%clk 0:06:01]} 27. Re1
{[%clk 0:09:50]} Rf6+ {[%clk 0:05:14]} 28. Kg2 {[%clk 0:09:52]} Rfe6
{[%clk 0:05:05]} 29. Rxe4 {[%clk 0:07:56]} Rxe4 {[%clk 0:05:33]} 30. Re1
{[%clk 0:08:08]} Rxe1 {[%clk 0:04:29]} 31. Nxe1 {[%clk 0:08:30]} Kc7
{[%clk 0:04:16]} 32. Nf3 {[%clk 0:08:23]} h6 {[%clk 0:03:21]} 33. Nxd4
{[%clk 0:08:09]} Nxd4 {[%clk 0:03:50]} 34. Kf2 {[%clk 0:08:17]} Kd6
{[%clk 0:03:43]} 35. Bd3 {[%clk 0:07:22]} f5 {[%clk 0:03:14]} 36. Ke3
{[%clk 0:05:55]} Ke5 {[%clk 0:03:34]} 37. Bf1 {[%clk 0:04:34]} b6
{[%clk 0:02:15]} 38. Kd3 {[%clk 0:04:16]} Nb3 {[%clk 0:01:30]} 39. Bg2
{[%clk 0:04:04]} Nc5+ {[%clk 0:01:25]} 40. Ke3 {[%clk 0:33:37]} f4+
{[%clk 0:30:48]} 41. gxf4+ {[%clk 0:33:19]} gxf4+ {[%clk 0:31:16]} 42. Kf3
{[%clk 0:23:49]} Nd3 {[%clk 0:30:14]} 43. b4 {[%clk 0:23:46]} Ne1+
{[%clk 0:30:14]} 44. Kf2 {[%clk 0:24:06]} Nxg2 {[%clk 0:30:38]} 45. Kxg2
{[%clk 0:24:25]} Kd4 {[%clk 0:31:03]} 46. Kf3 {[%clk 0:24:12]} Kxc4
{[%clk 0:31:26]} 47. Kxf4 {[%clk 0:24:37]} Kb3 {[%clk 0:31:34]} 48. Kf5
{[%clk 0:25:02]} Kxa3 {[%clk 0:31:53]} 49. Kg6 {[%clk 0:25:23]} Kxb4
{[%clk 0:32:18]} 50. Kxh6 {[%clk 0:25:45]} a5 {[%clk 0:32:41]} 51. Kg6
{[%clk 0:25:16]} a4 {[%clk 0:33:08]} 52. h4 {[%clk 0:25:38]} a3 {[%clk 0:33:31]}
53. h5 {[%clk 0:26:03]} a2 {[%clk 0:33:57]} 54. h6 {[%clk 0:26:28]} a1=Q
{[%clk 0:34:21]} 55. h7 {[%clk 0:26:46]} Qh8 {[%clk 0:34:44]} 56. Kh6
{[%clk 0:27:10]} Kc5 {[%clk 0:35:10]} 57. Kg6 {[%clk 0:27:33]} b5
{[%clk 0:35:36]} 58. Kh6 {[%clk 0:27:46]} b4 {[%clk 0:36:01]} 59. Kg6
{[%clk 0:28:01]} b3 {[%clk 0:36:24]} 60. Kh6 {[%clk 0:28:26]} b2 {[%clk 0:36:50]}
0-1

[Event "WYCC Open 10"]
[Site "Porto Carras"]
[Date "2015.10.26"]
[Round "2.6"]
[White "Guo, Arthur"]
[Black "Amartuvshin, Ganzorig"]
[Result "1-0"]
[BlackElo "1737"]
[WhiteElo "2073"]
[LiveChessVersion "1.4.6"]

1. e4 {[%clk 1:30:57]} e5 {[%clk 1:30:49]} 2. Nf3 {[%clk 1:31:19]} Nc6
{[%clk 1:29:20]} 3. Bb5 {[%clk 1:31:44]} a6 {[%clk 1:29:37]} 4. Ba4
{[%clk 1:32:10]} Nf6 {[%clk 1:29:57]} 5. d4 {[%clk 1:32:33]} exd4
{[%clk 1:23:41]} 6. O-O {[%clk 1:31:33]} Be7 {[%clk 1:19:12]} 7. e5
{[%clk 1:30:49]} Ne4 {[%clk 1:18:24]} 8. Re1 {[%clk 1:22:22]} Nc5
{[%clk 1:16:40]} 9. Bxc6 {[%clk 1:22:42]} dxc6 {[%clk 1:17:01]} 10. Nxd4
{[%clk 1:23:03]} Ne6 {[%clk 1:17:08]} 11. Nf5 {[%clk 1:22:15]} Qxd1
{[%clk 1:14:36]} 12. Rxd1 {[%clk 1:22:36]} Bf8 {[%clk 1:13:56]} 13. Be3
{[%clk 1:21:26]} g6 {[%clk 1:13:43]} 14. Ng3 {[%clk 1:21:08]} Bg7
{[%clk 1:12:57]} 15. f4 {[%clk 1:21:27]} f6 {[%clk 1:05:28]} 16. exf6
{[%clk 1:21:30]} Bxf6 {[%clk 1:05:51]} 17. c3 {[%clk 1:21:51]} O-O
{[%clk 1:05:54]} 18. Ne4 {[%clk 1:19:15]} Be7 {[%clk 1:06:10]} 19. g3
{[%clk 1:19:22]} Ng7 {[%clk 1:06:27]} 20. Nbd2 {[%clk 1:17:45]} Nf5
{[%clk 1:05:16]} 21. Bf2 {[%clk 1:17:21]} Nd6 {[%clk 1:04:01]} 22. Bc5
{[%clk 1:10:58]} Bf5 {[%clk 1:01:31]} 23. Nf2 {[%clk 1:08:43]} b6
{[%clk 0:56:48]} 24. Bd4 {[%clk 1:07:28]} Rad8 {[%clk 0:53:19]} 25. Re1
{[%clk 1:05:19]} Bf6 {[%clk 0:52:37]} 26. Bxf6 {[%clk 1:04:36]} Rxf6
{[%clk 0:52:59]} 27. Nf3 {[%clk 1:04:28]} h5 {[%clk 0:49:50]} 28. Re7
{[%clk 1:02:21]} Rf7 {[%clk 0:45:02]} 29. Rae1 {[%clk 1:01:49]} Kf8
{[%clk 0:41:09]} 30. R7e2 {[%clk 0:59:24]} Re8 {[%clk 0:34:54]} 31. Rxe8+
{[%clk 0:54:55]} Nxe8 {[%clk 0:35:14]} 32. Ne5 {[%clk 0:55:04]} Re7
{[%clk 0:33:47]} 33. h3 {[%clk 0:54:42]} Kg7 {[%clk 0:29:33]} 34. g4
{[%clk 0:52:53]} hxg4 {[%clk 0:28:21]} 35. hxg4 {[%clk 0:53:16]} Bd7
{[%clk 0:27:42]} 36. Rd1 {[%clk 0:53:31]} Nd6 {[%clk 0:27:12]} 37. Nh3
{[%clk 0:50:28]} Be8 {[%clk 0:22:38]} 38. Ng5 {[%clk 0:43:23]} c5
{[%clk 0:22:09]} 39. c4 {[%clk 0:40:45]} Nf7 {[%clk 0:17:55]} 40. Ngxf7
{[%clk 1:11:07]} Bxf7 {[%clk 0:48:21]} 41. g5 {[%clk 1:10:00]} b5
{[%clk 0:44:57]} 42. b3 {[%clk 1:09:29]} Kf8 {[%clk 0:39:04]} 43. Rd8+
{[%clk 1:03:18]} Re8 {[%clk 0:31:42]} 44. Rd1 {[%clk 1:00:15]} Re7
{[%clk 0:26:40]} 45. a4 {[%clk 0:57:54]} bxc4 {[%clk 0:25:52]} 46. bxc4
{[%clk 0:58:15]} a5 {[%clk 0:25:53]} 47. Kf2 {[%clk 0:57:38]} Ke8
{[%clk 0:19:13]} 48. Rb1 {[%clk 0:57:43]} Rxe5 {[%clk 0:16:34]} 49. fxe5
{[%clk 0:57:49]} Bxc4 {[%clk 0:17:00]} 50. Rc1 {[%clk 0:58:15]} Bb3
{[%clk 0:17:24]} 51. Rxc5 {[%clk 0:58:34]} Bxa4 {[%clk 0:17:49]} 52. Rxc7
{[%clk 0:58:57]} Bd7 {[%clk 0:17:50]} 53. Ra7 {[%clk 0:58:53]} a4
{[%clk 0:18:15]} 54. Ra6 {[%clk 0:59:07]} Kf7 {[%clk 0:17:08]} 55. Ke3
{[%clk 0:59:34]} Bb5 {[%clk 0:17:08]} 56. Rb6 {[%clk 0:58:39]} Bc4
{[%clk 0:17:20]} 57. Kd4 {[%clk 0:58:33]} Be2 {[%clk 0:17:33]} 58. e6+
{[%clk 0:58:43]} 1-0

[Event "WYCC Open 10"]
[Site "Porto Carras"]
[Date "2015.10.26"]
[Round "2.7"]
[White "Musyuk, Lior"]
[Black "Chinguun, Sumiya"]
[Result "1/2-1/2"]
[BlackElo "2067"]
[WhiteElo "1736"]
[LiveChessVersion "1.4.6"]

1. e4 {[%clk 1:30:57]} c5 {[%clk 1:30:51]} 2. Nf3 {[%clk 1:31:07]} e6
{[%clk 1:30:05]} 3. d4 {[%clk 1:30:47]} cxd4 {[%clk 1:30:27]} 4. Nxd4
{[%clk 1:31:11]} a6 {[%clk 1:30:54]} 5. Bd3 {[%clk 1:30:29]} Qc7 {[%clk 1:31:15]}
6. O-O {[%clk 1:30:14]} Nf6 {[%clk 1:31:33]} 7. Nc3 {[%clk 1:29:54]} b5
{[%clk 1:31:54]} 8. a3 {[%clk 1:29:22]} Bb7 {[%clk 1:32:17]} 9. Qe2
{[%clk 1:29:11]} d6 {[%clk 1:32:36]} 10. f4 {[%clk 1:28:34]} Nbd7
{[%clk 1:32:55]} 11. Re1 {[%clk 1:22:53]} Be7 {[%clk 1:32:20]} 12. Qf3
{[%clk 1:17:26]} O-O 13. Qh3 h6 {[%clk 1:30:32]} 14. Be3 {[%clk 1:17:02]} Nc5
{[%clk 1:30:12]} 15. Bf2 {[%clk 1:12:13]} Rac8 {[%clk 1:28:57]} 16. Rac1
{[%clk 1:09:31]} Rfe8 {[%clk 1:25:15]} 17. Nf3 {[%clk 0:47:03]} e5
{[%clk 1:19:11]} 18. Bg3 {[%clk 0:32:08]} Bf8 {[%clk 1:17:39]} 19. Nd2
{[%clk 0:25:30]} Rcd8 {[%clk 1:14:28]} 20. Re2 {[%clk 0:24:23]} Bc8
{[%clk 1:12:51]} 21. f5 {[%clk 0:23:08]} Bb7 {[%clk 1:09:11]} 22. Rce1
{[%clk 0:21:25]} Qc6 {[%clk 1:03:07]} 23. Bh4 {[%clk 0:20:03]} Ncd7
{[%clk 1:02:06]} 24. g4 {[%clk 0:18:40]} d5 {[%clk 0:56:08]} 25. exd5
{[%clk 0:16:55]} Nxd5 {[%clk 0:55:24]} 26. Nxd5 Qxd5 {[%clk 0:55:17]} 27. Be4
{[%clk 0:16:18]} Qc5+ {[%clk 0:54:36]} 28. Bf2 {[%clk 0:15:56]} Qc7
{[%clk 0:54:26]} 29. Bxb7 {[%clk 0:15:38]} Qxb7 {[%clk 0:54:33]} 30. Ne4
{[%clk 0:15:45]} f6 {[%clk 0:53:00]} 31. Qb3+ {[%clk 0:15:33]} Kh8
{[%clk 0:51:22]} 32. h4 {[%clk 0:15:29]} Nb6 {[%clk 0:47:48]} 33. g5
{[%clk 0:13:57]} Nd5 {[%clk 0:47:08]} 34. Qg3 {[%clk 0:13:32]} Nf4
{[%clk 0:43:56]} 35. Re3 {[%clk 0:13:29]} Be7 {[%clk 0:43:56]} 36. Qg4
{[%clk 0:05:57]} Qd7 {[%clk 0:41:15]} 37. Bg3 {[%clk 0:03:39]} h5
{[%clk 0:36:23]} 38. Qf3 {[%clk 0:03:39]} Qxf5 {[%clk 0:36:07]} 39. Bxf4
{[%clk 0:03:35]} exf4 {[%clk 0:35:55]} 40. Qxh5+ {[%clk 0:03:44]} Kg8
{[%clk 0:36:08]} 41. Rd3 {[%clk 0:33:07]} Rf8 {[%clk 1:00:44]} 42. Kg2
{[%clk 0:25:04]} Rxd3 {[%clk 0:57:34]} 43. cxd3 {[%clk 0:25:32]} Qd5
{[%clk 0:55:50]} 44. Qf3 {[%clk 0:23:50]} Qd4 {[%clk 0:54:58]} 45. Re2
{[%clk 0:23:22]} fxg5 {[%clk 0:48:54]} 46. hxg5 {[%clk 0:22:46]} Bd8
{[%clk 0:41:35]} 47. Rf2 {[%clk 0:19:44]} 1/2-1/2

[Event "WYCC Open 10"]
[Site "Porto Carras"]
[Date "2015.10.26"]
[Round "2.8"]
[White "Wang, Justin"]
[Black "Musiolik, David"]
[Result "1-0"]
[BlackElo "1728"]
[WhiteElo "2046"]
[LiveChessVersion "1.4.6"]

1. e4 {[%clk 1:30:58]} e6 {[%clk 1:30:53]} 2. d4 {[%clk 1:31:23]} d5
{[%clk 1:31:14]} 3. Nd2 {[%clk 1:31:50]} c5 {[%clk 1:31:11]} 4. exd5
{[%clk 1:32:09]} exd5 {[%clk 1:31:16]} 5. Ngf3 {[%clk 1:32:31]} Nf6
{[%clk 1:27:29]} 6. Bb5+ {[%clk 1:32:27]} Nc6 {[%clk 1:21:13]} 7. O-O
{[%clk 1:31:18]} Be7 {[%clk 1:10:54]} 8. dxc5 {[%clk 1:31:06]} O-O
{[%clk 1:08:26]} 9. Bxc6 {[%clk 1:28:20]} bxc6 {[%clk 1:08:53]} 10. b4
{[%clk 1:28:40]} Qc7 {[%clk 1:03:26]} 11. Bb2 {[%clk 1:28:27]} a5
{[%clk 1:02:12]} 12. a3 {[%clk 1:20:32]} axb4 {[%clk 1:02:08]} 13. axb4
{[%clk 1:20:45]} Rxa1 {[%clk 0:53:06]} 14. Qxa1 {[%clk 1:19:52]} Re8
{[%clk 0:47:06]} 15. Nb3 {[%clk 1:17:33]} Qb7 {[%clk 0:41:19]} 16. Ne5
{[%clk 1:16:06]} Qxb4 {[%clk 0:40:03]} 17. Nxc6 {[%clk 1:15:48]} Qb7
{[%clk 0:39:54]} 18. Nxe7+ {[%clk 1:15:36]} Qxe7 {[%clk 0:40:11]} 19. Bc3
{[%clk 1:13:50]} Qd8 {[%clk 0:33:41]} 20. Re1 {[%clk 1:11:00]} Rxe1+
{[%clk 0:33:26]} 21. Qxe1 {[%clk 1:11:24]} Qe8 {[%clk 0:33:29]} 22. Qxe8+
{[%clk 1:10:15]} Nxe8 {[%clk 0:33:58]} 23. Kf1 {[%clk 1:10:25]} f6
{[%clk 0:33:38]} 24. Ke2 {[%clk 1:09:56]} Kf7 {[%clk 0:33:55]} 25. Ba5
{[%clk 1:10:21]} Ke6 {[%clk 0:31:59]} 26. Ke3 {[%clk 1:09:55]} Kd7
{[%clk 0:29:16]} 27. Nd4 {[%clk 1:10:14]} Bb7 {[%clk 0:27:44]} 28. Kd3
{[%clk 1:09:48]} g6 {[%clk 0:27:06]} 29. Bb6 {[%clk 1:06:18]} Ng7
{[%clk 0:25:43]} 30. g3 {[%clk 0:57:16]} Ne6 {[%clk 0:25:34]} 31. Nb3
{[%clk 0:53:36]} Ba6+ {[%clk 0:18:03]} 32. Kc3 {[%clk 0:52:59]} Bb5
{[%clk 0:16:30]} 33. Kb4 {[%clk 0:51:35]} Bc6 {[%clk 0:16:44]} 34. c3
{[%clk 0:49:58]} Bb7 {[%clk 0:13:52]} 35. Kb5 {[%clk 0:48:31]} Bc6+
{[%clk 0:14:07]} 36. Ka6 {[%clk 0:48:34]} Ng5 {[%clk 0:13:37]} 37. Ba5
{[%clk 0:48:13]} Ne4 {[%clk 0:12:31]} 38. Kb6 {[%clk 0:48:10]} Nxf2
{[%clk 0:03:01]} 39. Nd4 {[%clk 0:48:35]} Ba4 {[%clk 0:03:05]} 40. c6+
{[%clk 1:18:33]} Kc8 {[%clk 0:32:40]} 41. Kc5 {[%clk 1:18:37]} Ng4
{[%clk 0:31:59]} 42. Kb4 {[%clk 1:18:39]} Bxc6 {[%clk 0:25:57]} 43. Nxc6
{[%clk 1:19:04]} Kd7 {[%clk 0:26:22]} 44. Kc5 {[%clk 1:18:44]} Nxh2
{[%clk 0:26:35]} 45. Kxd5 {[%clk 1:18:29]} Nf1 {[%clk 0:26:43]} 46. Nd4
{[%clk 1:18:38]} Nxg3 {[%clk 0:25:45]} 47. c4 {[%clk 1:15:47]} Nh5
{[%clk 0:22:06]} 48. c5 {[%clk 1:13:35]} Nf4+ {[%clk 0:20:52]} 49. Ke4
{[%clk 1:12:20]} Ne6 {[%clk 0:19:15]} 50. c6+ {[%clk 1:10:50]} Kd6
{[%clk 0:19:23]} 51. Nxe6 {[%clk 1:10:27]} Kxc6 {[%clk 0:19:32]} 52. Nf8
{[%clk 1:10:09]} Kd6 {[%clk 0:19:29]} 53. Nxh7 {[%clk 1:09:57]} Ke6
{[%clk 0:19:19]} 54. Nf8+ {[%clk 1:10:15]} Kf7 {[%clk 0:19:33]} 55. Nd7
{[%clk 1:10:38]} Ke6 {[%clk 0:19:45]} 56. Nc5+ {[%clk 1:11:00]} Kd6
{[%clk 0:20:09]} 57. Kd4 {[%clk 1:10:42]} f5 {[%clk 0:20:13]} 58. Bd2
{[%clk 1:11:00]} Kc6 {[%clk 0:20:22]} 59. Nd3 {[%clk 1:11:25]} Kd6
{[%clk 0:20:42]} 60. Ne5 {[%clk 1:11:50]} Ke6 {[%clk 0:20:27]} 61. Nxg6
{[%clk 1:12:14]} Kd6 {[%clk 0:20:38]} 62. Nf4 {[%clk 1:12:31]} Kc6
{[%clk 0:20:57]} 63. Kc4 {[%clk 1:12:56]} Kd6 {[%clk 0:21:18]} 64. Bc3
{[%clk 1:13:21]} Kc6 {[%clk 0:21:31]} 65. Be5 {[%clk 1:13:22]} Kb6
{[%clk 0:21:42]} 66. Bd6 {[%clk 1:13:47]} Kc6 {[%clk 0:21:53]} 67. Bc5
{[%clk 1:13:47]} Kb7 {[%clk 0:22:08]} 68. Kb5 {[%clk 1:12:32]} Kc7
{[%clk 0:21:48]} 69. Bd4 {[%clk 1:11:04]} Kb7 {[%clk 0:20:46]} 70. Bb6
{[%clk 1:11:22]} Kc8 {[%clk 0:20:58]} 71. Kc6 {[%clk 1:11:39]} Kb8
{[%clk 0:21:20]} 72. Kb5 {[%clk 1:08:00]} Kb7 {[%clk 0:21:13]} 73. Ne6
{[%clk 1:07:56]} f4 {[%clk 0:21:02]} 74. Nc5+ {[%clk 1:08:22]} Ka8
{[%clk 0:19:19]} 75. Ne4 {[%clk 1:05:10]} Kb8 {[%clk 0:18:43]} 76. Kc6
{[%clk 1:04:35]} Ka8 {[%clk 0:17:48]} 77. Nc3 {[%clk 1:04:45]} Kb8
{[%clk 0:17:38]} 78. Nb5 {[%clk 1:04:07]} f3 {[%clk 0:16:55]} 79. Bf2
{[%clk 1:03:54]} Ka8 {[%clk 0:16:39]} 80. Ba7 {[%clk 1:03:55]} f2
{[%clk 0:17:00]} 81. Kb6 {[%clk 1:04:16]} f1=Q {[%clk 0:15:38]} 82. Nc7#
{[%clk 1:04:40]} 1-0

[Event "WYCC Open 10"]
[Site "Porto Carras"]
[Date "2015.10.26"]
[Round "2.9"]
[White "Sartorio, William J"]
[Black "Wang, Jason"]
[Result "1-0"]
[BlackElo "2040"]
[WhiteElo "1725"]
[LiveChessVersion "1.4.6"]

1. e4 {[%clk 1:30:58]} c5 {[%clk 1:30:53]} 2. Nc3 {[%clk 1:31:23]} e6
{[%clk 1:31:06]} 3. f4 {[%clk 1:31:49]} a6 {[%clk 1:31:02]} 4. d3
{[%clk 1:32:12]} Nc6 {[%clk 1:29:58]} 5. g3 {[%clk 1:32:31]} Qc7 {[%clk 1:28:14]}
6. Bg2 {[%clk 1:32:39]} b5 {[%clk 1:26:55]} 7. Nf3 {[%clk 1:31:08]} Bb7
{[%clk 1:25:48]} 8. O-O {[%clk 1:29:47]} O-O-O {[%clk 1:24:13]} 9. Qe2
{[%clk 1:27:19]} g6 {[%clk 1:20:39]} 10. Kh1 {[%clk 1:23:45]} Bg7
{[%clk 1:18:31]} 11. Be3 {[%clk 1:20:07]} d6 {[%clk 1:16:13]} 12. Rad1
{[%clk 1:17:59]} Nge7 {[%clk 1:14:20]} 13. Qf2 {[%clk 1:15:20]} e5
{[%clk 1:04:32]} 14. fxe5 {[%clk 1:12:11]} Bxe5 {[%clk 1:04:05]} 15. Nxe5
{[%clk 1:12:22]} Nxe5 {[%clk 1:02:33]} 16. d4 {[%clk 1:11:18]} Ng4
{[%clk 0:59:04]} 17. Bh3 {[%clk 1:10:49]} f5 {[%clk 0:59:17]} 18. Bxg4
{[%clk 1:10:32]} fxg4 {[%clk 0:59:38]} 19. dxc5 {[%clk 1:10:17]} Nf5
{[%clk 0:56:03]} 20. cxd6 {[%clk 1:02:43]} Nxd6 {[%clk 0:56:13]} 21. Qf4
{[%clk 0:57:50]} Rhe8 {[%clk 0:52:21]} 22. Qxg4+ {[%clk 0:51:37]} Kb8
{[%clk 0:51:17]} 23. Bf4 {[%clk 0:40:45]} b4 {[%clk 0:48:12]} 24. Rxd6
{[%clk 0:34:11]} Rxd6 25. Rd1 Red8 {[%clk 0:43:36]} 26. Rxd6 {[%clk 0:34:27]}
Rxd6 {[%clk 0:43:53]} 27. Nd5 {[%clk 0:32:40]} Qc6 {[%clk 0:43:31]} 28. Bxd6+
{[%clk 0:33:01]} Qxd6 {[%clk 0:43:52]} 29. Qf4 {[%clk 0:33:15]} Qxf4
{[%clk 0:43:45]} 30. gxf4 {[%clk 0:33:39]} a5 {[%clk 0:43:48]} 31. Kg2
{[%clk 0:33:57]} Kc8 {[%clk 0:44:01]} 32. Kf3 {[%clk 0:34:21]} Kd8
{[%clk 0:42:11]} 33. Ke3 {[%clk 0:34:12]} h6 {[%clk 0:41:33]} 34. Kd4
{[%clk 0:34:10]} Kd7 {[%clk 0:40:50]} 35. Ke5 {[%clk 0:33:12]} Ke8
{[%clk 0:39:02]} 36. Kf6 {[%clk 0:31:19]} g5 {[%clk 0:38:52]} 37. f5
{[%clk 0:31:22]} Kf8 {[%clk 0:36:42]} 38. Kg6 {[%clk 0:30:27]} Ba6
{[%clk 0:33:38]} 39. f6 {[%clk 0:28:53]} Bc8 {[%clk 0:33:09]} 40. Nc7
{[%clk 0:28:11]} Bg4 {[%clk 0:29:06]} 41. e5 {[%clk 0:57:57]} a4 {[%clk 0:58:13]}
42. e6 {[%clk 0:58:12]} Bxe6 {[%clk 0:56:19]} 43. Nxe6+ {[%clk 0:58:34]} Ke8
{[%clk 0:56:40]} 44. f7+ {[%clk 0:59:00]} Ke7 {[%clk 0:57:00]} 45. f8=Q+
{[%clk 0:59:25]} Kxe6 {[%clk 0:57:06]} 46. Qf6+ {[%clk 0:59:48]} Kd5
{[%clk 0:57:28]} 47. Kf5 {[%clk 1:00:11]} Kc4 {[%clk 0:56:25]} 48. Ke4
{[%clk 1:00:19]} Kc5 {[%clk 0:56:08]} 49. Ke5 {[%clk 1:00:41]} g4
{[%clk 0:55:38]} 50. Qd6+ Kb5 {[%clk 0:55:25]} 51. Kd5 {[%clk 1:01:29]} b3
{[%clk 0:54:31]} 52. Qc5+ {[%clk 1:01:42]} Ka6 {[%clk 0:54:57]} 53. Kc6
{[%clk 1:02:02]} bxa2 {[%clk 0:55:18]} 54. Qb6# 1-0

[Event "WYCC Open 10"]
[Site "Porto Carras"]
[Date "2015.10.26"]
[Round "2.10"]
[White "Petkov, Momchil"]
[Black "Makoveev, Ilya"]
[Result "0-1"]
[BlackElo "1982"]
[WhiteElo "1709"]
[LiveChessVersion "1.4.6"]

1. d4 {[%clk 1:30:56]} Nf6 {[%clk 1:30:37]} 2. e3 {[%clk 1:30:25]} g6
{[%clk 1:30:22]} 3. Bd3 {[%clk 1:30:20]} Bg7 {[%clk 1:30:29]} 4. Nd2
{[%clk 1:30:09]} O-O {[%clk 1:29:41]} 5. Ngf3 {[%clk 1:29:46]} d6
{[%clk 1:28:56]} 6. O-O {[%clk 1:29:23]} c5 {[%clk 1:27:22]} 7. b3
{[%clk 1:24:09]} Nc6 {[%clk 1:14:03]} 8. a3 {[%clk 1:19:21]} cxd4
{[%clk 1:05:07]} 9. exd4 {[%clk 1:19:29]} Nd5 {[%clk 1:05:08]} 10. Bb2
{[%clk 1:19:17]} Nf4 {[%clk 0:57:09]} 11. Be2 {[%clk 1:14:54]} Bf5
{[%clk 0:55:23]} 12. Nc4 {[%clk 1:10:31]} Be4 {[%clk 0:50:53]} 13. c3
{[%clk 1:00:55]} e5 {[%clk 0:35:43]} 14. Ncd2 {[%clk 0:42:01]} Bf5
{[%clk 0:27:52]} 15. g3 {[%clk 0:34:01]} exd4 {[%clk 0:25:23]} 16. cxd4
{[%clk 0:32:16]} Nxe2+ {[%clk 0:23:42]} 17. Qxe2 {[%clk 0:32:22]} Qb6
{[%clk 0:23:14]} 18. Qe3 {[%clk 0:27:48]} Rfe8 {[%clk 0:20:40]} 19. Qc3
{[%clk 0:27:54]} Rac8 {[%clk 0:19:05]} 20. Nc4 {[%clk 0:27:47]} Qd8
{[%clk 0:19:28]} 21. Qd2 {[%clk 0:26:50]} d5 {[%clk 0:19:23]} 22. Ne3
{[%clk 0:25:39]} Be4 {[%clk 0:18:31]} 23. Qd1 {[%clk 0:19:15]} Qb6
{[%clk 0:16:23]} 24. b4 {[%clk 0:17:28]} a5 {[%clk 0:15:27]} 25. Ne5
{[%clk 0:16:32]} axb4 {[%clk 0:12:30]} 26. Nxc6 {[%clk 0:16:43]} Rxc6
{[%clk 0:12:20]} 27. a4 {[%clk 0:13:02]} b3 {[%clk 0:07:37]} 28. Re1
{[%clk 0:11:46]} Rce6 {[%clk 0:05:43]} 29. Rc1 {[%clk 0:08:39]} Bf8
{[%clk 0:03:48]} 30. Qd2 {[%clk 0:07:01]} Bb4 {[%clk 0:03:36]} 31. Bc3
{[%clk 0:06:08]} Bxc3 {[%clk 0:03:42]} 32. Qxc3 {[%clk 0:06:27]} b2
{[%clk 0:04:06]} 33. Rb1 {[%clk 0:06:31]} Bxb1 {[%clk 0:04:13]} 34. Rxb1
{[%clk 0:07:01]} Qa6 {[%clk 0:01:57]} 35. Qxb2 {[%clk 0:06:27]} Rxe3
{[%clk 0:00:45]} 36. fxe3 {[%clk 0:06:44]} Rxe3 {[%clk 0:01:01]} 37. Qxb7
{[%clk 0:04:20]} Re1+ {[%clk 0:01:19]} 38. Rxe1 {[%clk 0:02:52]} Qxb7
{[%clk 0:01:48]} 39. Kf2 {[%clk 0:02:42]} Qb2+ {[%clk 0:01:56]} 40. Ke3
{[%clk 0:32:45]} Qc3+ {[%clk 0:32:20]} 41. Kf2 {[%clk 0:33:09]} Qxd4+
{[%clk 0:32:46]} 42. Kg2 {[%clk 0:32:24]} Qxa4 {[%clk 0:33:09]} 43. h4
{[%clk 0:32:35]} Qc2+ {[%clk 0:33:23]} 44. Kh3 {[%clk 0:32:47]} d4
{[%clk 0:33:48]} 45. h5 {[%clk 0:32:59]} gxh5 {[%clk 0:34:08]} 46. Kh4
{[%clk 0:31:50]} Qf5 {[%clk 0:34:23]} 47. Re8+ {[%clk 0:31:58]} Kg7
{[%clk 0:34:53]} 48. Re4 {[%clk 0:32:08]} Qxe4+ {[%clk 0:35:20]} 49. Kh3
{[%clk 0:32:32]} Qh1# {[%clk 0:35:43]} 0-1

[Event "WYCC Open 10"]
[Site "Porto Carras"]
[Date "2015.10.26"]
[Round "2.11"]
[White "Sadhwani, Raunak"]
[Black "Amanzhol, Sultan"]
[Result "1-0"]
[BlackElo "1715"]
[WhiteElo "1981"]
[LiveChessVersion "1.4.6"]

1. e4 {[%clk 1:30:56]} c5 {[%clk 1:29:33]} 2. Nf3 {[%clk 1:31:19]} d6
{[%clk 1:29:46]} 3. d4 {[%clk 1:31:40]} cxd4 {[%clk 1:29:45]} 4. Nxd4
{[%clk 1:32:02]} Nf6 {[%clk 1:29:49]} 5. Nc3 {[%clk 1:32:24]} a6 {[%clk 1:29:51]}
6. Bg5 {[%clk 1:32:44]} Nbd7 {[%clk 1:29:42]} 7. f4 {[%clk 1:33:07]} Qc7
{[%clk 1:29:58]} 8. Qf3 {[%clk 1:33:25]} h6 {[%clk 1:28:41]} 9. Bxf6
{[%clk 1:31:45]} Nxf6 {[%clk 1:27:53]} 10. f5 {[%clk 1:32:07]} Qc5
{[%clk 1:25:41]} 11. O-O-O {[%clk 1:32:23]} g5 {[%clk 1:24:04]} 12. Be2
{[%clk 1:31:54]} g4 {[%clk 1:14:32]} 13. Qd3 {[%clk 1:30:44]} Bg7
{[%clk 1:11:13]} 14. Kb1 {[%clk 1:25:10]} b5 {[%clk 1:01:41]} 15. Nb3
{[%clk 1:23:04]} Qe5 {[%clk 1:01:27]} 16. Qd4 {[%clk 1:18:56]} Qxd4
{[%clk 1:00:17]} 17. Rxd4 {[%clk 1:19:21]} Bb7 {[%clk 1:00:40]} 18. Na5
{[%clk 1:18:18]} Rb8 {[%clk 0:56:02]} 19. a4 {[%clk 1:16:59]} O-O
{[%clk 0:48:43]} 20. Rb4 {[%clk 1:11:28]} Ba8 {[%clk 0:40:13]} 21. axb5
{[%clk 1:11:49]} axb5 {[%clk 0:40:40]} 22. Bd3 {[%clk 1:11:47]} Rfc8
{[%clk 0:40:06]} 23. Nb3 {[%clk 1:11:02]} Nd7 {[%clk 0:34:30]} 24. Nd5
{[%clk 1:05:35]} Bxd5 {[%clk 0:31:13]} 25. exd5 {[%clk 1:06:00]} Nf6
{[%clk 0:31:39]} 26. Rxb5 {[%clk 1:05:16]} Rxb5 {[%clk 0:31:44]} 27. Bxb5
{[%clk 1:05:41]} Nxd5 {[%clk 0:32:09]} 28. Re1 {[%clk 1:05:43]} Be5
{[%clk 0:25:48]} 29. g3 {[%clk 1:05:50]} Kg7 {[%clk 0:25:58]} 30. c4
{[%clk 1:00:21]} Nc7 {[%clk 0:19:19]} 31. Re4 {[%clk 0:56:09]} h5
{[%clk 0:18:29]} 32. Na5 {[%clk 0:56:01]} Kf6 {[%clk 0:12:30]} 33. Nc6
{[%clk 0:55:41]} Ne8 {[%clk 0:11:15]} 34. b4 {[%clk 0:54:39]} Ng7
{[%clk 0:10:04]} 35. Nxe5 {[%clk 0:54:07]} dxe5 {[%clk 0:10:27]} 36. c5
{[%clk 0:53:58]} Kxf5 {[%clk 0:08:01]} 37. Rc4 {[%clk 0:53:20]} Ke6
{[%clk 0:07:34]} 38. Ba6 {[%clk 0:52:42]} Rc7 {[%clk 0:06:42]} 39. b5
{[%clk 0:52:16]} Kd7 {[%clk 0:07:05]} 40. b6 {[%clk 1:22:40]} 1-0